| 000 | 01247nam a22003497a 4500 | ||
|---|---|---|---|
| 003 | CHAP | ||
| 005 | 20220329135506.0 | ||
| 008 | 971013s1971 r 00010 d | ||
| 010 | _a37475 | ||
| 011 | _a38447 | ||
| 035 | _a42567 | ||
| 040 | _cCHAP | ||
| 090 | _aTesis | ||
| 100 | 0 | 0 |
_aOyarzábal-Tamargo, Francisco. _984480 |
| 245 | _aInvestigaciones preliminares en condiciones de invernadero para determinar el momento de riego por medio de la conductividad eléctrica medida en las plantas | ||
| 260 |
_aChapingo, Méx. : _bEl autor, _c1971 |
||
| 300 | _a71 h. | ||
| 502 | _aTesis (M. C.) -- ENA. Colegio de Postgraduados. Rama de Riego y Drenaje | ||
| 590 |
_aALEPH _b10 _c20130110 _lUCH01 _h1302 |
||
| 590 |
_aBATCH-UPD _b10 _c20130110 _lUCH01 _h1108 |
||
| 590 |
_aBATCH-UPD _b10 _c20130410 _lUCH01 _h0700 |
||
| 590 |
_aBATCH-UPD _b10 _c20130914 _lUCH01 _h1028 |
||
| 590 |
_aCONVERSION _b10 _c20130109 _lUCH01 _h1321 |
||
| 650 | 1 | 4 |
_aConductividad eléctrica. _926344 |
| 650 | 1 | 4 |
_aIrrigación. _960366 |
| 650 | 1 | 4 |
_aPlantas _xPropiedades eléctricas. _988878 |
| 901 | _aBK | ||
| 942 | _cFOLL | ||
| 949 |
_bBC _cTES _d-97962 _eTS1 _i42567 _si |
||
| 949 |
_bBC _cTES _d-97963 _eTS2 _fc.2 _i42567 _si |
||
| 949 |
_bBC _cTES _d-97964 _eTS2 _fc.3 _i42567 _si |
||
| 999 |
_c37475 _d37475 |
||